| 000 | 00449nam a2200181Ia 4500 | ||
|---|---|---|---|
| 001 | 22566 | ||
| 005 | 20260414150840.0 | ||
| 008 | 260414t2016||||xx |||||||||||||| ||spa|| | ||
| 041 | _aESP | ||
| 082 |
_a621.382 _bO626C |
||
| 100 |
_aOdom, Wendell _eAUT |
||
| 245 | 0 |
_aCCENT/CCNA ICND 1 100-105 official cert guide _b |
|
| 260 | _c2016 | ||
| 300 |
_avarias paginaciones : _c24 cm. |
||
| 650 | _aTCA | ||
| 654 | _aCET | ||
| 942 |
_cLIB _dJUS _fJUS _2ddc _n |
||
| 999 |
_c22566 _d22566 |
||